000 00712nam a2200205 i 4500
001 185887
003 ES-MaACL
005 20230906222535.0
008 160819s1949 sp |||| | spa d
100 1 _aElías de Tejada, Francisco.
_946976
245 1 3 _aLa filosofía del derecho y del estado en Rumanía /
_cFrancisco Elías de Tejada.
260 _aSalamanca :
_bAsociación Hispano-Rumana,
_c1949.
300 _a38 p. ;
_c22 cm.
490 1 _aCuadernos hispano-rumanos ;
_v4
650 4 _aDerecho-
_xFilosofía-
_zRumanía.
_9160508
710 2 _aAsociación Hispano-Rumana (Salamanca)
_9160502
830 0 _aCuadernos hispano-rumanos ;
_v4
_9192425
852 _aES-MaACL
_jE-4350
999 _c185887
_d185887